000 00271nam a2200109Ia 4500
001 588759
005 20250717120837.0
008 250717s9999 xx 000 0 und d
245 0 _aZ-2 SORDUM SARI ÇİÇEĞE
_cNURAN TURAN
260 _bERDEM YAYINLARI
_c2018
300 _b79
999 _c588759
_d588759